[Event "ch-FRA Blitz Online Qual"]
[Site "Europe-Chess INT"]
[Date "2020.05.16"]
[Round "1"]
[White "Sahetchian, Armand"]
[Black "Hsu, Victor"]
[Result "1-0"]
[WhiteElo "2117"]
[BlackElo "1476"]
[WhiteFideId "607150"]
[BlackFideId "551034107"]
[EventDate "2020.05.16"]

1. d4 Nf6 2. c4 d5 3. cxd5 Nxd5 4. e4 Nf6 5. Nc3 e6 6. Nf3 c5 7. Bb5+ Bd7 8. O-O
Bxb5 9. Nxb5 Nc6 10. d5 exd5 11. exd5 Nxd5 12. Qxd5 Qxd5 13. Nc7+ Kd8 14. Nxd5 1-0

[Event "ch-FRA Blitz Online Qual"]
[Site "Europe-Chess INT"]
[Date "2020.05.16"]
[Round "1"]
[White "Moindjie, Nassuf"]
[Black "Bressy, Theo"]
[Result "0-1"]
[BlackTitle "FM"]
[WhiteElo "1471"]
[BlackElo "2289"]
[WhiteFideId "551098237"]
[BlackFideId "26022842"]
[EventDate "2020.05.16"]

1. e4 e6 2. d3 d5 3. Nd2 c5 4. g3 Nc6 5. Bg2 Nge7 6. f4 g6 7. Ngf3 Bg7 8. O-O
O-O 9. c3 b6 10. Qe1 Qc7 11. Rb1 Bb7 12. b4 cxb4 13. cxb4 Nd4 14. Nxd4 Bxd4+ 15.
Kh1 Rac8 16. Bb2 Bxb2 17. Rxb2 dxe4 18. dxe4 Rfd8 19. Nf3 Qc3 20. Qf2 Bxe4 21.
Re1 Bb7 22. h3 Nf5 23. Kh2 Rd3 24. Ne5 Rxg3 25. Ree2 Rxg2+ 26. Qxg2 Bxg2 27.
Rxg2 Ne3 28. Rge2 Nf1+ 29. Kg2 Qg3+ 30. Kxf1 Rc1+ 0-1

[Event "ch-FRA Blitz Online Qual"]
[Site "Europe-Chess INT"]
[Date "2020.05.16"]
[Round "1"]
[White "Nizard, Roger"]
[Black "Martin, Nils"]
[Result "1-0"]
[WhiteElo "2144"]
[BlackElo "1639"]
[WhiteFideId "604569"]
[BlackFideId "45160473"]
[EventDate "2020.05.16"]

1. c4 Nf6 2. Nc3 d6 3. g3 g6 4. Bg2 Bg7 5. e3 c6 6. Nge2 Nbd7 7. O-O e5 8. b3
O-O 9. d4 Ne8 10. dxe5 dxe5 11. Ba3 c5 12. Ne4 Qc7 13. Qd2 f5 14. N4c3 Nef6 15.
Rfd1 a6 16. Nd5 Nxd5 17. Qxd5+ Kh8 18. Qd6 Qxd6 19. Rxd6 e4 20. Rad1 Rd8 21. Nf4
Be5 22. R6d2 b5 23. Bxc5 bxc4 24. bxc4 Bxf4 25. gxf4 Kg7 26. Bb6 Rf8 27. Rxd7+
Bxd7 28. Rxd7+ Rf7 29. Rxf7+ Kxf7 30. Bf1 Rb8 31. c5 Ra8 32. Bc4+ Ke7 33. Kf1
Kd7 34. Ke2 a5 35. a4 Kc6 36. Bb5+ Kb7 37. h4 Rc8 38. Bd7 Ra8 39. Be6 Kc6 40. f3
exf3+ 41. Kxf3 Re8 42. Bc4 Ra8 43. Bb5+ Kb7 44. Ke2 Rc8 45. Kd3 Ra8 46. Kd4 Rc8
47. Ke5 Ra8 48. Kf6 Rc8 49. Kg7 Ra8 50. Kxh7 Rc8 51. Kxg6 Ra8 52. h5 Rc8 53. h6
Ra8 54. h7 Rc8 55. Kg7 Ra8 56. h8=Q Rxh8 57. Kxh8 Kb8 58. Kg7 Kb7 59. Kf6 Kb8
60. Kxf5 Kb7 61. e4 Kb8 62. e5 Kb7 63. e6 Kb8 64. e7 Kb7 65. Ke6 Kc8 66. e8=Q+
Kb7 67. Qd7+ Kb8 68. Qc7+ Ka8 69. Bc6# 1-0

[Event "ch-FRA Blitz Online Qual"]
[Site "Europe-Chess INT"]
[Date "2020.05.16"]
[Round "1"]
[White "Grulier, Ernest"]
[Black "Alloui-Cros, Baptiste"]
[Result "0-1"]
[WhiteElo "1469"]
[BlackElo "2139"]
[WhiteFideId "551048060"]
[BlackFideId "20699824"]
[EventDate "2020.05.16"]

1. e4 Nf6 2. e5 Nd5 3. d4 d6 4. c4 Nb6 5. exd6 cxd6 6. Nc3 g6 7. Nf3 Bg7 8. Be2
O-O 9. O-O Nc6 10. Be3 Bg4 11. b3 d5 12. c5 Nc8 13. h3 Bxf3 14. Bxf3 e6 15. Rc1
N8e7 16. Qd2 Nf5 17. Ne2 h6 18. g4 Nh4 19. Bh1 Kh7 20. Rfd1 Qf6 21. Bf4 g5 22.
Qd3+ Kh8 23. Bg3 Ng6 24. a3 a5 25. Rb1 Nf4 26. Bxf4 gxf4 27. f3 Qh4 28. Bg2 Qg5
29. b4 axb4 30. axb4 e5 31. dxe5 Nxe5 32. Qxd5 Rab8 0-1

[Event "ch-FRA Blitz Online Qual"]
[Site "Europe-Chess INT"]
[Date "2020.05.16"]
[Round "1"]
[White "Msellek, Ilyass"]
[Black "Bag, Ayoub"]
[Result "1-0"]
[WhiteTitle "FM"]
[WhiteElo "2316"]
[BlackElo "1467"]
[WhiteFideId "675938"]
[BlackFideId "551012308"]
[EventDate "2020.05.16"]

1. e4 e6 2. d4 d5 3. Nc3 dxe4 4. Nxe4 Nd7 5. Nf3 Ngf6 6. Nxf6+ Nxf6 7. c3 Be7 8.
Bd3 O-O 9. O-O b6 10. Qe2 Bb7 11. a4 a5 12. Re1 c5 13. Bg5 cxd4 14. Nxd4 h6 15.
Bh4 Rc8 16. Rad1 Qd5 17. Nf3 Qh5 18. Bxf6 Bxf6 19. Be4 Bxe4 20. Qxe4 Rc5 21. Qb7
Bg5 22. Qxb6 Rf5 23. Qc6 Bf4 24. b4 g5 25. h3 g4 26. hxg4 Qxg4 27. Nd4 Rh5 28.
g3 Rd8 29. Qf3 Qxf3 30. Nxf3 Bc7 31. Rxd8+ Bxd8 32. Rd1 Bb6 33. Rd6 Bc7 34. Rc6
Bd8 35. b5 Rd5 36. c4 Rd1+ 37. Kg2 Kg7 38. Rc8 Be7 39. c5 Rc1 40. c6 Ra1 41. b6 1-0

[Event "ch-FRA Blitz Online Qual"]
[Site "Europe-Chess INT"]
[Date "2020.05.16"]
[Round "1"]
[White "Morais, Thomas"]
[Black "Samoun, Florent"]
[Result "0-1"]
[BlackTitle "FM"]
[WhiteElo "1710"]
[BlackElo "2299"]
[WhiteFideId "36034703"]
[BlackFideId "664995"]
[EventDate "2020.05.16"]

1. e4 Nf6 2. e5 Nd5 3. c4 Nb6 4. d4 d6 5. f4 dxe5 6. fxe5 Bf5 7. Nc3 e6 8. Be3
Be7 9. Nf3 O-O 10. Be2 f6 11. O-O Nc6 12. exf6 Bxf6 13. Qd2 Bg4 14. Rad1 Qd7 15.
h3 Bxf3 16. Rxf3 Rad8 17. d5 exd5 18. Bxb6 axb6 19. cxd5 Ne5 20. Rff1 Be7 21.
Ne4 Qa4 22. Nc3 Bc5+ 23. Kh1 Qh4 24. Rxf8+ Rxf8 25. Rf1 Rf2 26. Rxf2 Qxf2 27.
Qd1 Qe3 28. Bf3 Nxf3 29. Qxf3 Qg1# 0-1

[Event "ch-FRA Blitz Online Qual"]
[Site "Europe-Chess INT"]
[Date "2020.05.16"]
[Round "1"]
[White "Cahen, Alexis"]
[Black "Mendoza, Mael"]
[Result "1-0"]
[WhiteElo "2122"]
[BlackElo "1451"]
[WhiteFideId "26076918"]
[BlackFideId "551036533"]
[EventDate "2020.05.16"]

1. e4 c5 2. Ne2 d5 3. exd5 Qxd5 4. Nbc3 Qd6 5. g3 Nc6 6. Bg2 Nf6 7. O-O e6 8. d3
Be7 9. Bf4 e5 10. Be3 O-O 11. h3 a6 12. a4 Nd4 13. f4 Nd7 14. Ne4 Qc7 15. c3
Nxe2+ 16. Qxe2 f5 17. Nd2 exf4 18. Bxf4 Bd6 19. Qe6+ Rf7 20. Bxd6 Qd8 21. Rxf5 1-0

[Event "ch-FRA Blitz Online Qual"]
[Site "Europe-Chess INT"]
[Date "2020.05.16"]
[Round "1"]
[White "Barrera, Armando"]
[Black "Spitz, Christophe"]
[Result "1-0"]
[WhiteElo "1486"]
[BlackElo "2137"]
[WhiteFideId "551036657"]
[BlackFideId "608378"]
[EventDate "2020.05.16"]

1. d4 Nf6 2. c4 e5 3. d5 Bc5 4. Bg5 Bxf2+ 5. Kxf2 Ng4+ 6. Ke1 Qxg5 7. Nf3 Qe3 8.
Qd3 Qf2+ 9. Kd2 d6 10. Nc3 Nf6 11. g3 Na6 12. h4 Nc5 13. Qe3 Qxe3+ 14. Kxe3 Ng4+
15. Kd2 Bd7 16. b4 Na6 17. a3 O-O 18. Bh3 Rad8 19. h5 Nf2 20. Bxd7 Nxh1 21. Bf5
Nxg3 22. Bg4 e4 23. Nd4 f5 24. Bh3 Rde8 25. Rg1 f4 26. Ne6 Rf6 27. e3 Nxh5 28.
Bg4 Ng3 29. exf4 Nf5 30. Bxf5 Rxf5 31. Rxg7+ Kh8 32. Rg5 Rxg5 33. fxg5 c6 34.
Nxe4 cxd5 35. cxd5 Rg8 36. Nxd6 b6 37. Nf7# 1-0

[Event "ch-FRA Blitz Online Qual"]
[Site "Europe-Chess INT"]
[Date "2020.05.16"]
[Round "1"]
[White "Testud, Philippe"]
[Black "Sureau, Corentin"]
[Result "1-0"]
[WhiteElo "2123"]
[BlackElo "1686"]
[WhiteFideId "611409"]
[BlackFideId "36067687"]
[EventDate "2020.05.16"]

1. d4 Nf6 2. Nf3 d5 3. Bf4 c6 4. e3 Bf5 5. c4 e6 6. Qb3 b6 7. Nc3 Bd6 8. Bxd6
Qxd6 9. Rc1 O-O 10. Be2 c5 11. cxd5 exd5 12. dxc5 bxc5 13. Qa3 Nbd7 14. O-O Ne4
15. Nxe4 Bxe4 16. Nd2 Bg6 17. Rfd1 Qb6 18. Nb3 c4 19. Rxd5 Nf6 20. Rd6 Qc7 21.
Rxc4 Qe7 22. Rdd4 Qe5 23. Qc5 Qb8 24. Bf3 Rc8 25. Qc6 Rxc6 26. Bxc6 h6 27. h3 a5
28. Bxa8 Qxa8 29. Ra4 Qc6 30. Rxa5 Qc2 31. Rd2 Qb1+ 32. Kh2 Ne4 33. Rd8+ Kh7 34.
Raa8 Bf5 35. Rh8+ Kg6 36. Ra6+ f6 37. Nd4 Nxf2 38. Nxf5 Kxf5 39. Rb8 Kg6 40. Rb4
Qf5 41. Rf4 Qc2 42. Raa4 Nd3 43. Rg4+ Kh7 44. Ra7 Qxb2 45. Raxg7+ Kh8 46. Rg8+
Kh7 47. R4g7# 1-0

[Event "ch-FRA Blitz Online Qual"]
[Site "Europe-Chess INT"]
[Date "2020.05.16"]
[Round "1"]
[White "Drieu, Hugo"]
[Black "Janzelj, Lara"]
[Result "0-1"]
[BlackTitle "WIM"]
[WhiteElo "1425"]
[BlackElo "2210"]
[WhiteFideId "45170738"]
[BlackFideId "14608391"]
[EventDate "2020.05.16"]

1. e4 d6 2. d4 Nf6 3. Nc3 e5 4. dxe5 dxe5 5. Qxd8+ Kxd8 6. Bg5 Be6 7. O-O-O+ Nd7
8. Nf3 Kc8 9. Bxf6 gxf6 10. Nd5 c6 11. Ne3 Bc5 12. Nf5 Bxf5 13. exf5 Bxf2 14.
Bc4 Rf8 15. Nd2 Be3 16. Kb1 Bxd2 17. Rxd2 Nb6 18. Bb3 a5 19. a4 Kc7 20. Rhd1
Rad8 21. Rxd8 Rxd8 22. Rxd8 Kxd8 23. Kc1 Ke7 24. Kd2 Nd5 25. g3 Kf8 26. Kd3 Ne7
27. Ke4 Nc8 28. c3 Kg7 29. Ba2 Nd6+ 30. Kf3 Nxf5 31. b4 axb4 32. cxb4 Nd4+ 33.
Ke4 Kg6 34. Bb1 Kg7 35. Ba2 Kf8 36. Bc4 b5 37. axb5 Nxb5 38. Bxb5 cxb5 39. Kd5
Ke7 40. Kc5 e4 41. Kd4 f5 42. g4 Kf6 43. h3 Kg5 44. Ke3 fxg4 45. hxg4 Kxg4 46.
Kxe4 f5+ 47. Kd5 f4 48. Kc5 f3 49. Kxb5 f2 50. Kc6 f1=Q 51. b5 h5 52. b6 h4 53.
b7 Qb1 54. b8=Q Qxb8 0-1

[Event "ch-FRA Blitz Online Qual"]
[Site "Europe-Chess INT"]
[Date "2020.05.16"]
[Round "1"]
[White "Ernst, Luca"]
[Black "Trabet, Mathis"]
[Result "0-1"]
[WhiteElo "1660"]
[BlackElo "2118"]
[WhiteFideId "45117055"]
[BlackFideId "36041289"]
[EventDate "2020.05.16"]

1. e4 c5 2. Nf3 e6 3. d4 cxd4 4. Nxd4 Nc6 5. Nc3 Nf6 6. Nxc6 bxc6 7. e5 Nd5 8.
Nxd5 cxd5 9. Be3 d6 10. Bb5+ Bd7 11. Bxd7+ Qxd7 12. exd6 Bxd6 13. O-O O-O 14.
Qd2 Rfc8 15. Rfd1 Rab8 16. c3 Be5 17. Rac1 Qb7 18. b3 Qa6 19. c4 dxc4 20. Rxc4
g6 21. Bh6 Bf6 22. Rdc1 Rxc4 23. Rxc4 Rd8 24. Qc2 Qxa2 25. g3 Qxc2 26. Rxc2 Bg7
27. Bxg7 Kxg7 28. Ra2 Rd7 29. Kf1 Rb7 30. Ke2 Kf6 31. Ra3 Kf5 32. f3 h5 33. Ke3
e5 34. h3 f6 35. g4+ Kg5 36. gxh5 Kxh5 37. Kf2 Kg5 38. Kg3 Kf5 39. h4 a5 40. Kh3
Rb5 41. Kg3 Rb4 42. Rxa5 Rxb3 43. Ra4 Rc3 44. Rg4 g5 45. h5 Ke6 46. h6 Kf7 47.
Rb4 Kg6 48. Rb6 e4 49. Kg4 Rxf3 50. h7 Rf4+ 51. Kh3 Kxh7 52. Rb7+ Kg6 53. Re7
Kf5 54. Rf7 Rf3+ 55. Kg2 Kg4 56. Kh2 f5 57. Kg2 f4 58. Kh2 e3 59. Kg1 Rf2 60.
Kh1 Ra2 61. Kg1 Kg3 62. Kf1 f3 63. Rxf3+ Kxf3 64. Kg1 Rf2 65. Kh1 e2 66. Kg1
e1=Q# 0-1

[Event "ch-FRA Blitz Online Qual"]
[Site "Europe-Chess INT"]
[Date "2020.05.16"]
[Round "1"]
[White "Fournier, Loic"]
[Black "Kollar, Guillaume"]
[Result "1-0"]
[WhiteElo "2116"]
[BlackElo "1439"]
[WhiteFideId "36013463"]
[BlackFideId "36001732"]
[EventDate "2020.05.16"]

1. d4 c5 2. d5 Nf6 3. c4 d6 4. Nc3 g6 5. e4 Bg7 6. Nf3 O-O 7. Be2 Na6 8. O-O Nc7
9. h3 Bd7 10. Bf4 a6 11. a4 Nh5 12. Bh2 b5 13. axb5 axb5 14. cxb5 Nxb5 15. Nxb5
Rxa1 16. Qxa1 Qb6 17. Nc3 Nf6 18. e5 dxe5 19. Nxe5 Bf5 20. Nc6 Qb7 21. Ba6 Qd7
22. Re1 e6 23. Ne5 Qd8 24. d6 Nd5 25. Nxd5 exd5 26. Nc6 Qd7 27. Bb5 Qb7 28. Ne7+
Kh8 29. Bc6 Qxc6 30. Nxc6 1-0

[Event "ch-FRA Blitz Online Qual"]
[Site "Europe-Chess INT"]
[Date "2020.05.16"]
[Round "1"]
[White "Inventar, Alexandre"]
[Black "Dumas, Charles"]
[Result "0-1"]
[WhiteElo "1437"]
[BlackElo "2284"]
[WhiteFideId "36054100"]
[BlackFideId "675733"]
[EventDate "2020.05.16"]

1. e4 c5 2. b4 cxb4 3. a3 bxa3 4. Nxa3 g6 5. Bb2 Nf6 6. Qf3 Bg7 7. e5 Ng8 8. Bc4
Nh6 9. Rb1 O-O 10. Ne2 Nc6 11. d4 a6 12. Bc1 Nf5 13. c3 b5 14. Bd3 e6 15. Qh3 d6
16. f4 Qh4+ 17. Qxh4 Nxh4 18. O-O d5 19. Nc2 Na5 20. Nb4 Nc4 21. g4 Bd7 22. Kf2
h6 23. Kg3 g5 24. fxg5 hxg5 25. Bxg5 Ng6 26. h4 Rfb8 27. h5 Nh8 28. Bf6 a5 29.
Nc2 Nd2 0-1

[Event "ch-FRA Blitz Online Qual"]
[Site "Europe-Chess INT"]
[Date "2020.05.16"]
[Round "1"]
[White "Pujari, Rucha"]
[Black "Ghazaryan, Gor"]
[Result "1-0"]
[WhiteTitle "WIM"]
[WhiteElo "2244"]
[BlackElo "1431"]
[WhiteFideId "5024528"]
[BlackFideId "45137595"]
[EventDate "2020.05.16"]

1. d4 Nf6 2. c4 e6 3. Nf3 b6 4. g3 Bb7 5. Bg2 c5 6. d5 exd5 7. Nh4 d6 8. Nc3 Be7
9. cxd5 O-O 10. O-O Ng4 11. Nf5 Re8 12. e4 Nf6 13. f4 Nbd7 14. Be3 Ba6 15. Re1
b5 16. a3 Rb8 17. Bf2 g6 18. Nh4 Nh5 19. Nf3 Kg7 20. e5 dxe5 21. fxe5 Nb6 22. d6
Bg5 23. Ne4 Bh6 24. Nxc5 Bb7 25. Nxb7 Rxb7 26. Nd4 Rb8 27. Nc6 Qd7 28. Nxb8 Rxb8
29. Qd4 Kg8 30. Rad1 Bg7 31. Rc1 Rc8 32. Rxc8+ Nxc8 33. Qd5 Nb6 34. Qb7 Qe6 35.
Bxb6 axb6 36. d7 Qe7 37. Qc8+ Bf8 38. d8=Q 1-0

[Event "ch-FRA Blitz Online Qual"]
[Site "Europe-Chess INT"]
[Date "2020.05.16"]
[Round "1"]
[White "Soubirou, Oriane"]
[Black "Roussel, Matthieu"]
[Result "1-0"]
[WhiteElo "2144"]
[BlackElo "1577"]
[WhiteFideId "686034"]
[BlackFideId "36070009"]
[EventDate "2020.05.16"]

1. e4 e5 2. Nf3 Nc6 3. d4 exd4 4. Bc4 Nf6 5. e5 d5 6. Bb5 Ne4 7. Nxd4 Bd7 8.
Bxc6 bxc6 9. O-O Bc5 10. Be3 O-O 11. f3 Ng5 12. f4 Ne6 13. Qd2 Qb8 14. Nb3 Bxe3+
15. Qxe3 Qb6 16. Qf2 f6 17. f5 Ng5 18. e6 Be8 19. Nc3 a5 20. Na4 Qb4 21. Nac5 a4
22. a3 Qc4 23. Nc1 d4 24. N5d3 Ne4 25. Qe2 Nd6 26. Na2 Qd5 27. Nab4 Qe4 28. Qxe4
Nxe4 29. Rae1 c5 30. Rxe4 cxb4 31. Nxb4 Rd8 32. Rd1 c5 33. Nd3 Bb5 34. Nxc5 Rd5
35. Nd3 Rxf5 36. Rxd4 Re8 37. Rd6 Bxd3 38. R1xd3 Re5 39. R3d4 R5xe6 40. Rxe6
Rxe6 41. Rxa4 Re1+ 42. Kf2 Rc1 43. Rc4 Rb1 44. b3 Ra1 45. a4 Ra2 46. Ke2 Kf7 47.
Kd2 Ke6 48. Kc3 Kd5 49. Rc7 g5 50. Rxh7 f5 51. Rh5 Ke4 52. Rxg5 f4 53. Rg8 Ke3 1-0

[Event "ch-FRA Blitz Online Qual"]
[Site "Europe-Chess INT"]
[Date "2020.05.16"]
[Round "1"]
[White "Stajkovski, Stefan"]
[Black "Carvallo, Henri"]
[Result "0-1"]
[WhiteElo "1428"]
[BlackElo "2069"]
[WhiteFideId "551053250"]
[BlackFideId "619914"]
[EventDate "2020.05.16"]

1. d4 d6 2. Nf3 Nf6 3. Bf4 Nbd7 4. e3 g6 5. c4 Bg7 6. h3 O-O 7. Nc3 c6 8. Be2
Re8 9. O-O e5 10. Bh2 Qe7 11. Re1 Nh5 12. Qc2 f5 13. Rad1 h6 14. d5 c5 15. Nd2
Nhf6 16. Bd3 e4 17. Bf1 a6 18. a4 Ne5 19. Nb3 Bd7 20. Bxe5 Qxe5 21. a5 g5 22.
Nd2 g4 23. hxg4 Nxg4 24. g3 h5 25. Ne2 Bh6 26. Nf4 Bxf4 27. exf4 Qf6 28. Be2 Kf7
29. Nf1 Rh8 30. Ne3 Rag8 31. Kg2 Nxe3+ 32. fxe3 h4 33. g4 h3+ 34. Kh2 fxg4 35.
Rg1 Bf5 36. Rg3 Rg7 37. Rdg1 Rhg8 38. Qb3 Qe7 39. Qd1 Qd7 40. Qc2 Rb8 41. Qd1 b5
42. axb6 Rxb6 43. Bxg4 Rxb2+ 44. Kh1 Bxg4 45. Rxg4 Rxg4 46. Qxg4 Qxg4 47. Rxg4
Re2 48. Rg3 h2 49. Rh3 Kg6 50. Rg3+ Kf6 51. Rh3 a5 52. Rh6+ Ke7 53. Rh7+ Kf6 54.
Rd7 Rxe3 55. Rxd6+ Kf5 56. Ra6 Kxf4 57. Kxh2 Rd3 58. Rxa5 e3 59. Ra1 e2 60. Re1
Kf3 61. d6 Rxd6 62. Rc1 Rd1 63. Rc3+ Kf2 64. Rc2 Kf1 65. Rc3 e1=Q 66. Rf3+ Ke2
67. Rf6 Qh4+ 0-1

[Event "ch-FRA Blitz Online Qual"]
[Site "Europe-Chess INT"]
[Date "2020.05.16"]
[Round "1"]
[White "Denjoy, Arnaud"]
[Black "Laignel, Quentin"]
[Result "1-0"]
[WhiteElo "2166"]
[BlackElo "1420"]
[WhiteFideId "26071185"]
[BlackFideId "45169128"]
[EventDate "2020.05.16"]

1. b3 d5 2. Bb2 Nf6 3. Nf3 Bf5 4. e3 e6 5. d4 Nbd7 6. Bd3 Bg6 7. O-O Bd6 8. c4
c6 9. Nc3 Ne4 10. Qc2 f5 11. Ne2 Bh5 12. Ne5 Qc7 13. Nf4 Bf7 14. f3 Nef6 15.
cxd5 cxd5 16. Qxc7 Bxc7 17. Nxf7 Kxf7 18. Rac1 Rac8 19. Ba3 Bxf4 20. exf4 h6 21.
Kf2 Nb6 22. g3 Rxc1 23. Rxc1 Rc8 24. Rxc8 Nxc8 25. Ke3 h5 26. h3 g6 27. Be2 Ke8
28. g4 hxg4 29. fxg4 fxg4 30. hxg4 Kf7 31. Bf3 Ne8 32. Bb4 Nc7 33. a4 b6 34. Be2
a6 35. a5 b5 36. Bc5 Ke8 37. Bd3 Kf7 38. b4 Ne8 39. f5 gxf5 40. gxf5 Nc7 41. Kf4
Ne7 42. Bd6 Na8 43. Ke5 exf5 44. Bxf5 Nxf5 45. Kxf5 Ke8 46. Ke5 Kd7 47. Kxd5
Nc7+ 48. Bxc7 Kxc7 49. Kc5 Kb7 50. d5 Kc7 51. d6+ Kb7 52. d7 Kc7 53. d8=Q+ Kxd8
54. Kb6 Kc8 55. Kxa6 Kb8 56. Kxb5 Kb7 57. a6+ Ka7 58. Ka5 Ka8 59. Kb6 Kb8 60.
Kb5 Ka8 61. Kc6 Kb8 62. b5 Ka8 63. b6 Kb8 64. b7 Ka7 65. Kc7 Kxa6 66. b8=Q 1-0

[Event "ch-FRA Blitz Online Qual"]
[Site "Europe-Chess INT"]
[Date "2020.05.16"]
[Round "1"]
[White "Giblin, Martin"]
[Black "Lambert, Adrien"]
[Result "0-1"]
[WhiteElo "1428"]
[BlackElo "2123"]
[WhiteFideId "45187053"]
[BlackFideId "624772"]
[EventDate "2020.05.16"]

1. Nf3 g6 2. c4 Bg7 3. g3 d6 4. Bg2 Nf6 5. O-O O-O 6. d4 Nc6 7. Nc3 a6 8. d5 Na5
9. Qd3 c5 10. dxc6 Nxc6 11. a3 Be6 12. b4 h6 13. h3 Rc8 14. Nd2 Ne5 15. Qc2 Qd7
16. Nd5 Bxd5 17. Bxd5 Nxd5 18. Rb1 Qxh3 19. Qe4 Ng4 20. Nf3 Nc3 21. Qc2 Nxb1 22.
Qxb1 Rxc4 23. Be3 Nxe3 24. fxe3 Qxg3+ 25. Kh1 Be5 26. Qd3 Rh4+ 0-1

[Event "ch-FRA Blitz Online Qual"]
[Site "Europe-Chess INT"]
[Date "2020.05.16"]
[Round "1"]
[White "Papadiamandis, Elliot"]
[Black "Vanneste, Axel"]
[Result "1-0"]
[WhiteElo "2269"]
[BlackElo "1413"]
[WhiteFideId "36074160"]
[BlackFideId "36020192"]
[EventDate "2020.05.16"]

1. e4 e5 2. Nf3 Nc6 3. Bc4 Nf6 4. d3 h6 5. c3 Bc5 6. Nbd2 d6 7. Bb3 Be6 8. h3
O-O 9. Qe2 a6 10. g4 Re8 11. Nf1 d5 12. Rg1 d4 13. Bc2 g5 14. h4 Nxg4 15. hxg5
dxc3 16. gxh6 Bxf2+ 17. Qxf2 Kh7 18. Qe2 Nd4 19. Nxd4 exd4 20. Rxg4 Bxg4 21.
Qxg4 Qf6 22. bxc3 Rg8 23. Qe2 Qh4+ 24. Qf2 Qxf2+ 25. Kxf2 dxc3 26. d4 Rad8 27.
e5+ Kh8 28. Be3 c6 29. Ng3 Rg4 30. Bf5 Rh4 31. Bg5 Rh2+ 32. Kg1 Rxd4 33. Kxh2 c2
34. Bf6+ Kg8 35. h7+ Kf8 36. h8=Q# 1-0

[Event "ch-FRA Blitz Online Qual"]
[Site "Europe-Chess INT"]
[Date "2020.05.16"]
[Round "1"]
[White "Lorans, Sylvain"]
[Black "Chevillon, Celia"]
[Result "1-0"]
[WhiteElo "2086"]
[BlackElo "1433"]
[WhiteFideId "605794"]
[BlackFideId "45107459"]
[EventDate "2020.05.16"]

1. d4 d5 2. c4 e6 3. Nc3 Nf6 4. Bg5 Be7 5. cxd5 exd5 6. e3 h6 7. Bh4 Bf5 8. Qb3
Qc8 9. Bxf6 Bxf6 10. Nxd5 Be6 11. Nxf6+ gxf6 12. Qa3 Nd7 13. Rc1 Nb6 14. Nf3 Qd7
15. Be2 Qd6 16. Qxd6 cxd6 17. b3 O-O 18. Kd2 d5 19. Rc7 Rab8 20. Rhc1 Rfc8 21.
a4 Rxc7 22. Rxc7 Na8 23. Rc3 Kf8 24. Ne1 Ke7 25. Nd3 Rc8 26. Rxc8 Bxc8 27. Nf4
Kd6 28. Kc3 Nb6 29. a5 Nd7 30. Bg4 b6 31. Kb4 bxa5+ 32. Kxa5 Nb6 33. Bxc8 Nxc8
34. Ka6 Kc6 35. h4 f5 36. g3 Kd6 37. Kb7 Kd7 38. Nxd5 Kd8 39. Nc3 Kd7 40. b4 Kd8
41. b5 Kd7 42. Na4 Kd8 43. Nc5 Ne7 44. Kxa7 Kc7 45. b6+ Kc8 46. b7+ Kc7 47.
b8=Q+ Kc6 48. Qb7+ Kd6 49. Qd7# 1-0

[Event "ch-FRA Blitz Online Qual"]
[Site "Europe-Chess INT"]
[Date "2020.05.16"]
[Round "1"]
[White "Ghazaryan, Gurgen"]
[Black "Schweitzer, Adrien"]
[Result "1/2-1/2"]
[WhiteElo "1403"]
[BlackElo "2086"]
[WhiteFideId "45137609"]
[BlackFideId "628220"]
[EventDate "2020.05.16"]

1. e4 e5 2. Nf3 Nc6 3. Bb5 f5 4. d3 fxe4 5. dxe4 Nf6 6. Nc3 Bb4 7. Bg5 Bxc3+ 8.
bxc3 d6 9. O-O O-O 10. Qd5+ Kh8 11. Bxc6 bxc6 12. Qxc6 Rb8 13. Rab1 Rb6 14. Qc4
Bg4 15. Nd2 Qd7 16. f3 Be6 17. Qe2 Bxa2 18. Ra1 Be6 19. Rxa7 Qc6 20. Qd3 Nd7 21.
Be3 Rb2 22. Rb1 Rfb8 23. Rxb2 Rxb2 24. Nb3 Bc4 25. Na5 Bxd3 26. Nxc6 h6 27. Nb4
Bxc2 28. Nxc2 Rxc2 29. Rxc7 Nf6 30. g3 Re2 31. Bf2 Kh7 32. Rc6 d5 33. exd5 Nxd5
34. Rc5 Nf6 35. Rc4 e4 36. fxe4 Nxe4 37. Bd4 Nd2 38. Rc7 Nf3+ 39. Kf1 Nxd4 40.
cxd4 Rd2 41. Rd7 Kg6 42. Ke1 Rxh2 43. d5 Rh5 44. Kf2 Kf6 45. Kf3 Re5 46. d6 g6
47. Rd8 Rd5 48. Ke4 Rd1 49. g4 Kg5 50. Kf3 Rd3+ 51. Ke4 Rd1 52. Kf3 Rd3+ 53. Ke4
Rd1 1/2-1/2

[Event "ch-FRA Blitz Online Qual"]
[Site "Europe-Chess INT"]
[Date "2020.05.16"]
[Round "1"]
[White "Eric Andriana, Fitia"]
[Black "Ribiere, Damien"]
[Result "0-1"]
[WhiteElo "1401"]
[BlackElo "2083"]
[WhiteFideId "36094366"]
[BlackFideId "26041634"]
[EventDate "2020.05.16"]

1. e4 d6 2. d3 Nf6 3. g3 g6 4. Bg2 Bg7 5. Nd2 O-O 6. Ngf3 e5 7. O-O Nc6 8. Qe1
a5 9. a3 Nd7 10. Qe2 a4 11. Re1 Nc5 12. Nf1 Ne6 13. h4 Ned4 14. Nxd4 Nxd4 15.
Qd1 c6 16. Nh2 f5 17. c3 Ne6 18. Be3 f4 19. Bd2 Qb6 20. Rb1 fxg3 21. Be3 gxf2+
22. Kh1 fxe1=Q+ 23. Qxe1 Qd8 24. Nf3 Nf4 25. Bxf4 Rxf4 26. Ng5 h6 27. Nh3 Bxh3
28. Bxh3 Rxh4 29. Qg3 Qg5 30. Qh2 Qh5 31. Kg2 Rf8 32. Re1 Rxh3 33. Qxh3 Rf2+ 34.
Kg3 Rf3+ 0-1

[Event "ch-FRA Blitz Online Qual"]
[Site "Europe-Chess INT"]
[Date "2020.05.16"]
[Round "1"]
[White "Rodriguez Rodriguez, Antonio"]
[Black "Monmaille, Eric"]
[Result "1-0"]
[WhiteTitle "FM"]
[WhiteElo "2112"]
[BlackElo "1400"]
[WhiteFideId "2219255"]
[BlackFideId "26064529"]
[EventDate "2020.05.16"]

1. d4 Nf6 2. Bg5 d5 3. Bxf6 exf6 4. e3 Bd6 5. g3 O-O 6. Bg2 Bf5 7. Bxd5 Nc6 8.
Bg2 Qd7 9. c3 Rad8 10. Nd2 Bd3 11. Nb3 Bb5 12. Ne2 Ne7 13. O-O Bc6 14. Nd2 Bxg2
15. Kxg2 Ng6 16. c4 Qc6+ 17. Kg1 f5 18. a3 Qd7 19. b4 h6 20. c5 Be7 21. Qc2 Bf6
22. Rab1 c6 23. a4 Rc8 24. b5 cxb5 25. axb5 Ne7 26. Nc4 Nd5 27. Nd6 Rb8 28. Qxf5
Qxf5 29. Nxf5 b6 30. Rfc1 bxc5 31. dxc5 g6 32. Nfd4 Bxd4 33. Nxd4 1-0